UM Logo

Where the crawdads sing / (Record no. 24099)

MARC details
000 -LEADER
fixed length control field 00411nam a2200145 4500
005 - DATE AND TIME OF LATEST TRANSACTION
control field 20251027094646.0
008 - FIXED-LENGTH DATA ELEMENTS--GENERAL INFORMATION
fixed length control field 251027b |||||||| |||| 00| 0 eng d
020 ## - INTERNATIONAL STANDARD BOOK NUMBER
International Standard Book Number 9780593085851
082 ## - DEWEY DECIMAL CLASSIFICATION NUMBER
Classification number DFic Ow27 2018
100 ## - MAIN ENTRY--PERSONAL NAME
Personal name Owens, Delia.
9 (RLIN) 68973
245 ## - TITLE STATEMENT
Title Where the crawdads sing /
Statement of responsibility, etc. Delia Owens.
260 ## - PUBLICATION, DISTRIBUTION, ETC. (IMPRINT)
Place of publication, distribution, etc. New York :
Name of publisher, distributor, etc. G.P. Putnam's Sons,
Date of publication, distribution, etc. © 2018.
300 ## - PHYSICAL DESCRIPTION
Extent 385 pages ;
Dimensions 20 cm.
942 ## - ADDED ENTRY ELEMENTS (KOHA)
Source of classification or shelving scheme Dewey Decimal Classification
Koha item type Fiction
Holdings
Withdrawn status Lost status Source of classification or shelving scheme Damaged status Not for loan Collection code Home library Current library Date acquired Source of acquisition Cost, normal purchase price Total Checkouts Full call number Barcode Date last seen Price effective from Koha item type
    Dewey Decimal Classification     Fiction UM Digos College - LIC UM Digos College - LIC 08/11/2025 Purchased 1100.00   DFic Ow27 2018 29201 10/27/2025 10/27/2025 Fiction